| 000 | 00804cam a2200289 4500500 | ||
|---|---|---|---|
| 005 | 20260329005422.0 | ||
| 041 | _afre | ||
| 042 | _adc | ||
| 100 | 1 | 0 |
_aLacroix, Alexandre _eauthor |
| 245 | 0 | 0 | _aAnnie Ernaux : “Les gens ne sont pas tellement allés voir là où ça cogne” |
| 260 | _c2023. | ||
| 500 | _a3 | ||
| 690 | _aAvortement | ||
| 690 | _aCancer | ||
| 690 | _aCorps | ||
| 690 | _aÉcriture | ||
| 690 | _aFemme | ||
| 690 | _aPrix Nobel | ||
| 690 | _aQuotidien | ||
| 690 | _aroman | ||
| 690 | _aSexe | ||
| 690 | _aSupermarché | ||
| 690 | _aTemps | ||
| 690 | _aVieillesse | ||
| 786 | 0 | _nPhilosophie magazine | 171 | 8 | 2023-07-01 | p. 4-7 | 1951-1787 | |
| 856 | 4 | 1 | _uhttps://shs.cairn.info/magazine-philosophie-magazine-2023-8-page-4?lang=fr&redirect-ssocas=7080 |
| 999 |
_c1843202 _d1843202 |
||